Women writers in Indian English literature (Record no. 18563)

MARC details
000 -LEADER
fixed length control field 00474nam a2200169Ia 4500
008 - FIXED-LENGTH DATA ELEMENTS--GENERAL INFORMATION
fixed length control field 230917s9999||||xx |||||||||||||| ||und||
020 ## - ISBN
Price RS750
040 ## - CATALOGING SOURCE
-- 232864
Original cataloging agency VIVEKANANDA LIBRARY
041 ## - Language
-- English
082 ## - DDC NUMBER
Classification number 820.9287 Y11W
100 ## - MAIN ENTRY--PERSONAL NAME
Personal name Yadav, Aayushi
245 #0 - TITLE STATEMENT
Title Women writers in Indian English literature
260 ## - PUBLICATION, DISTRIBUTION, ETC. (IMPRINT)
Place of publication, distribution, etc New Delhi
Name of publisher, distributor, etc R P Publications
Date of publication, distribution, etc 2013
300 ## - PHYSICAL DESCRIPTION
Pages vi, 232 p.
500 ## - GENERAL NOTE
General note 2317 29/03/2016 UBC15/7447 29/03/2016 Women Studies Centre
942 ## - ADDED ENTRY ELEMENTS (KOHA)
Koha item type Books
Holdings
Withdrawn status Lost status Damaged status Not for loan Location (home branch) Sublocation or collection (holding branch) Date acquired Koha issues (times borrowed) Koha full call number Accession No. Koha date last seen Koha item type
        VIVEKANANDA LIBRARY VIVEKANANDA LIBRARY 26/04/2016   820.9287 Y11W 357938 17/09/2023 Books
© Designed and Maintained by Vivekananda Library, MDU Rohtak